000 00857nam a2200265Ia 4500
005 20210727153022.0
008 121119s1997 ck a gr 000 0 spa
020 _a9582003561
041 0 _aspa
082 0 4 _a792.022
_bT21
245 0 0 _aTeatro popular y callejero colombiano
_ccompilador, Fernando González Cajiao
250 _aPrimera edición
300 _a164 páginas
_bilustraciones
_c23 cm
490 0 _aAula abierta
650 1 4 _aTeatro callejero
_zColombia
_2LEMB
650 1 4 _aTeatro colombiano
_xHistoria
_2LEMB
650 1 4 _aTeatro popular
_zColombia
_2LEMB
700 1 _aGonzález Cajiao, Fernando
_ecompilador
942 _2ddc
_cBK
264 _aBogotá
_bMagisterio
_c1997
336 _atexto
_btxt
_2rdacontent
337 _asin mediación
_bn
_2rdamedia
338 _avolumen
_bnc
_2rdacarrier
040 _aCO-BoRNBP
_bspa
_erda
_cCO-BoRNBP
999 _c976
_d976